=LDR 00000nam 2200000 4500 =001 INLIS000000000027230 =005 20140327152716.0 =006 =007 =008 Ind =035 ##$$0010-061300000027230 =041 ##$$a Ind =082 ##$$a 657.42 =090 ##$$a 657.42, Mul a =100 ##$$a Mulyadi =245 ##$$a Akuntansi biaya, Mulyadi =260 ##$$a Jogjakarta $b UGM $c 2005 =300 ##$$a xxii, 517 hlm, ilus, 25 cm =650 ##$$a Akuntansi =850 ##$$a NBPNMAT =990 ##$$a 0001/BPAP-NTB/20142015 =990 ##$$a 0001/BPAP-NTB/2015